书目信息 |
| 题名: |
广电小记者手册
|
|
| 作者: | 梁楠 编著 | |
| 分册: | 第一册 | |
| 出版信息: | 北京 中国传媒大学出版社 2017 |
|
| 页数: | 169页 | |
| 开本: | 19cm | |
| 丛书名: | ||
| 单 册: | ||
| 中图分类: | G214.2 | |
| 科图分类: | ||
| 主题词: | 记者--新闻工作--教材 | |
| 电子资源: | ||
| ISBN: | 978-7-5657-1895-3 | |
| 000 | 01196nam0 2200229 45 | |
| 001 | 012001004035 | |
| 005 | 20191122083504.07 | |
| 010 | @a978-7-5657-1895-3@dCNY29.00 | |
| 100 | @a20181028d2017 em y0chiy0110 ea | |
| 101 | 0 | @achi |
| 102 | @aCN@b110000 | |
| 105 | @ay z 000yy | |
| 106 | @ar | |
| 200 | 1 | @a广电小记者手册@Aguang dian xiao ji zhe shou ce@h第一册@f梁楠编著 |
| 210 | @a北京@c中国传媒大学出版社@d2017 | |
| 215 | @a169页@d19cm | |
| 330 | @a《中国广电实战小记者手册》教材是由中国广电实战专家团高级顾问梁楠联合业内专家、资深学者、高校教师、一线编辑记者等多人编著。是目前最适合广电小记者的唯一一本培训教材,具备专业、适用、实用三大亮点。教材上下两册精美装帧设计,口语化表达更符合孩子学习阅读习惯,所选示例新颖、新鲜、全面,指导性更强。教材共七大章节,涵盖新闻基础知识、语言表达、电视采访、新闻稿写作、摄影摄像、微电影拍摄、话剧排演、配套活动等内容。其广电特色鲜明,针对小记者特点,对电视采访要素、电视新闻特点、电视新闻常见问题、电视节目制作等内容的讲解均为首创,不光专业性强,且浅显易懂、环环相扣、编排科学合理。 | |
| 606 | 0 | @a记者@x新闻工作@j教材 |
| 690 | @aG214.2@v5 | |
| 701 | 0 | @a梁楠@Aliang nan@4编著 |
| 801 | @b江苏凤凰@c20191020 | |
| 905 | @b1237762-7@dG214.2@e873:1@f6 | |
| 广电小记者手册.第一册/梁楠编著.-北京:中国传媒大学出版社,2017 |
| 169页;19cm |
| ISBN 978-7-5657-1895-3:CNY29.00 |
| 《中国广电实战小记者手册》教材是由中国广电实战专家团高级顾问梁楠联合业内专家、资深学者、高校教师、一线编辑记者等多人编著。是目前最适合广电小记者的唯一一本培训教材,具备专业、适用、实用三大亮点。教材上下两册精美装帧设计,口语化表达更符合孩子学习阅读习惯,所选示例新颖、新鲜、全面,指导性更强。教材共七大章节,涵盖新闻基础知识、语言表达、电视采访、新闻稿写作、摄影摄像、微电影拍摄、话剧排演、配套活动等内容。其广电特色鲜明,针对小记者特点,对电视采访要素、电视新闻特点、电视新闻常见问题、电视节目制作等内容的讲解均为首创,不光专业性强,且浅显易懂、环环相扣、编排科学合理。 |
| ● |
| 相关链接 |
|
|
|
|
正题名:广电小记者手册
索取号:G214.2/873:1
 
预约/预借
| 序号 | 登录号 | 条形码 | 馆藏地/架位号 | 状态 | 备注 |
| 1 | 1237762 | 212377621 | 第一样本阅览室/ [索取号:G214.2/873:1] | 在馆 | |
| 2 | 1237763 | 212377630 | 教育系资料室/ [索取号:G214.2/873:1] | 在馆 | |
| 3 | 1237764 | 212377649 | 教育系资料室/ [索取号:G214.2/873:1] | 在馆 | |
| 4 | 1237765 | 212377658 | 第四借阅区/ [索取号:G214.2/873:1] | 在馆 | |
| 5 | 1237766 | 212377667 | 第四借阅区/ [索取号:G214.2/873:1] | 在馆 | |
| 6 | 1237767 | 212377676 | 第四借阅区/ [索取号:G214.2/873:1] | 在馆 |